El arte de navegar en la España del Renacimiento

Saved in:
Bibliografiske detaljer
Hovedforfatter: López Piñero, José María (autor)
Format: Bog
Sprog:spansk
Udgivet: Barcelona Labor 1986
Udgivelse:2a. ed
Fag:
Tags: Tilføj Tag
Ingen Tags, Vær først til at tagge denne postø!

MARC

LEADER 00000nam a2200000 a 4500
001 UCV8440
003 CL-VaPUC
008 910627e19860000SP |||||||||||||||||spa|d
082 0 4 |a 913.04  |b LOP  |2 21 
100 |a López Piñero, José María  |e autor  |9 494901 
245 1 3 |a El arte de navegar en la España del Renacimiento 
250 |a 2a. ed 
300 |a 283 p 
942 |c BK 
945 |d 19910627 00:00:00 
260 |a Barcelona  |b Labor  |c 1986 
650 0 |a Viajes  |9 257115 
650 0 |a Viajes por mar  |9 266636 
650 0 |a Navegación   |9 255384 
650 7 |a HISTORIA SIGLO 16  |2 CL-VaPUC  |9 266637 
650 0 |a Astronomía náutica   |9 299729 
651 0 |a España  |9 254926 
583 |a last modification  |c 20160817 04:07:20  |k Rodrigo Vera 
999 |c 213953  |d 213951 
952 |0 0  |1 0  |4 0  |6 913_040000000000000_LOP_1986  |7 0  |8 P  |9 196877  |a BIBARQ  |b BIBARQ  |d 2019-11-14  |i 2646498  |o 913.04 LOP 1986  |p 2646498  |r 2025-01-20  |w 2019-11-14  |y BK  |k ARQ